The Chainsmokers Charting Songs (Billboard Hot 100) - Statistics

General Stats
  • This quiz has been taken 47 times
    20 since last reset
  • The average score is 12 of 18
Answer Stats
Album Weeks On Peak Artist(s) Song % Correct
Collage EP 52 Weeks #1 (12 Weeks) The Chainsmokers ft. Halsey Closer
100%
Memories...Do Not Open 20 Weeks #6 The Chainsmokers Paris
100%
Memories...Do Not Open 39 Weeks #3 The Chainsmokers & Coldplay Something Just Like This
100%
Collage EP 52 Weeks #3 The Chainsmokers ft. Daya Don't Let Me Down
94%
Non-Album Single 11 Weeks #16 The Chainsmokers #SELFIE
94%
Bouquet EP 31 Weeks #6 The Chainsmokers ft. ROZES Roses
88%
World War Joy 16 Weeks #52 The Chainsmokers ft. 5SOS Who Do You Love
69%
Sick Boy 20 Weeks #50 The Chainsmokers ft. Kelsea Ballerini This Feeling
63%
Collage EP 16 Weeks #18 The Chainsmokers ft. Phoebe Ryan All We Know
56%
World War Joy 14 Weeks #56 The Chainsmokers ft. Bebe Rexha Call You Mine
56%
Sick Boy 3 Weeks #65 The Chainsmokers Sick Boy
56%
World War Joy / Ascend 2 Weeks #69 The Chainsmokers & Illenium ft. Lennon Stella Takeaway
56%
Sick Boy 6 Weeks #66 The Chainsmokers ft. Emily Warren Side Effects
50%
Sick Boy 1 Week #100 The Chainsmokers Everybody Hates Me
44%
So Far So Good 9 Weeks #57 The Chainsmokers High
44%
Collage EP 2 Weeks #71 The Chainsmokers ft. XYLO Setting Fires
44%
Memories...Do Not Open 4 Weeks #77 The Chainsmokers Honest
31%
Memories...Do Not Open 2 Weeks #78 The Chainsmokers The One
31%
No matching quizzes found
Score Distribution
Percent of People with Each Score
Percentile by Number Answered
Your Score History
You have not taken this quiz since the last reset